000 00579nam a2200193Ia 4500
008 140321s9999 xx 000 0 und d
020 _a9780470031469
050 _aQA 76.758
_b.V54 2008
100 _aVliet, Hans Van
245 _aSoftware engineering :
_bprinciples and practice /
_cHans Van Vliet.
250 _a3rd ed.
260 _aNew Jersey :
_bJohn Wiley & Sons,
_cc2008.
300 _a713 p. :
_bill. ;
_c24 cm.
500 _aIncludes bibliographical references and index.
521 _aIT
650 _aSoftware engineering.
942 _kFOR
_cBK
999 _c48543
_d48543